| 000 | 00806nam a2200313 a 4500 | ||
|---|---|---|---|
| 003 | AR-BaBNM | ||
| 005 | 20251128205901.0 | ||
| 008 | 082120s2002 ||||||||||||||000 | spa|| | ||
| 020 | _a84-8164-095-6 | ||
| 040 | _cAR-BaBNM | ||
| 245 | 0 | 0 |
_aCorrupción y Estado de Derecho _bEl papel de la jurisdicción |
| 260 |
_aMadrid _bTrotta _c1996 |
||
| 300 | _a172 p. | ||
| 490 | 0 | _aEstructuras y procesos. derecho | |
| 650 | 4 | _aDERECHO CONSTITUCIONAL | |
| 650 | 4 | _aPOLITICA | |
| 650 | 4 | _aSOCIEDAD | |
| 650 | 4 | _aESTADO | |
| 650 | 4 | _aGOBIERNO | |
| 650 | 4 | _aSOBERANIA | |
| 650 | 4 | _aCONSTITUCIONES | |
| 650 | 4 | _aREFORMA LEGISLATIVA | |
| 650 | 4 | _aPODERES DEL ESTADO | |
| 650 | 4 | _aDEMOCRACIA | |
| 650 | 4 | _aPODER JUDICIAL | |
| 700 | 1 |
_aIbañez, Andrés _eeditor |
|
| 942 | _cBK | ||
| 998 | _cMariana | ||
| 999 |
_c13148 _d13148 |
||